000 00334nam a2200121Ia 4500
008 220901s9999||||xx |||||||||||||| ||und||
082 _a004 MUR
100 _aMurthy, E.N
245 4 _aThe ICFAI journal of computer sciences
250 _aVol. 2 Issue No. 1 & 2
260 _bICFAI University Press
_c2008
650 _aComputer science
999 _c193483
_d193483